000 00438nam a22001697a 4500
003 OSt
005 20140310181947.0
008 130725t xxu||||| |||| 00| 0 eng d
050 _aPZ 7
_b.An534 1994
082 _aKF An1js
_b1994
100 _aAnastacio, Dina
_94030
245 _aThe case of the glacier park swallon /
_cDina Anastacio.
300 _a73 p.,
_c23 cm.
541 _j1
562 _e1
942 _2lcc
_cBK-KF
_kKF
999 _c7793
_d7793